Psychotherapy for the advanced practice psychiatric nurse : a how-to guide for evidence-based practice / edited by Kathleen Wheeler. (Record no. 22603)

000 -LEADER
fixed length control field 00743nam a2200181 4500
020 ## - INTERNATIONAL STANDARD BOOK NUMBER
ISBN 9780826193797
082 ## - DEWEY DECIMAL CLASSIFICATION NUMBER
Classification number 610.73
Item number W444547 2023
100 ## - MAIN ENTRY--AUTHOR NAME
Personal name Wheeler, Kathleen, editor.
245 ## - TITLE STATEMENT
Title Psychotherapy for the advanced practice psychiatric nurse : a how-to guide for evidence-based practice / edited by Kathleen Wheeler.
250 ## - EDITION STATEMENT
Edition statement Third edition.
260 ## - PUBLICATION, DISTRIBUTION, ETC. (IMPRINT)
Place of publication New York, NY :
Name of publisher Springer Publishing Company, LLC,
Year of publication c2022.
300 ## - PHYSICAL DESCRIPTION
Number of Pages 1 online resource xiv , 706 pages :
500 ## - GENERAL NOTE
General note Includes bibliographical refences and index.
505 ## - FORMATTED CONTENTS NOTE
Formatted contents note Part I. Getting Started -- 1. The Nurse Psychotherapist and a Framework for Practice / Kathleen
650 ## - SUBJECT ADDED ENTRY--TOPICAL TERM
Topical Term Psychotherapy.
700 ## - ADDED ENTRY--PERSONAL NAME
Personal name Bjorklund, Pamela, author.
942 ## - ADDED ENTRY ELEMENTS (KOHA)
Koha item type Electronic Books
Holdings
Source of acquisition Permanent Location Date acquired Collection code Koha item type Lost status Shelving location Withdrawn status Current Location Full call number
DonationsCagayan State University - Carig Library2026-04-16E-BooksElectronic Books E-Resource Section Cagayan State University - Carig Library610.73 W444547 2023

Cagayan State University University Library, Carig Campus
Tuguegarao City, Cagayan 3500 | www.csucarig.edu.ph

Powered by Koha